| 000 | 00680nam a2200241Ia 4500 | ||
|---|---|---|---|
| 003 | GCL | ||
| 005 | 20240530103752.0 | ||
| 008 | 140319s9999 xx 000 0 ara d | ||
| 040 |
_aGCL / _cGCL |
||
| 082 | 0 | 4 |
_a961 _bم ت |
| 100 | 1 | _aمحمد على دبوز | |
| 245 | 1 | 0 |
_aتاريخ المغرب الكبير / _cمحمد على دبوز . |
| 490 |
_aكتاب _v0 |
||
| 650 | 0 | 4 | _aتاريخ |
| 650 | 0 | 4 | _aتونس |
| 650 | 0 | 4 | _aالجزائر |
| 650 | 0 | 4 | _aفتح شمال افريقيا |
| 650 | 0 | 4 | _aالمغرب - تاريخ |
| 650 | 0 | 4 | _aتونس - تاريخ |
| 650 | 0 | 4 | _aالجزائر - تاريخ |
| 700 | 1 | _aمحمد على دبور | |
| 942 |
_2ddc _cBK |
||
| 999 |
_c42330 _d42330 |
||